000 00496 a2200169 4500
999 _c8256
_d8256
020 _a9781779032935
050 _aQ 55.5 CHA 2006
100 _aChavhunduka, K
245 _a Longman o'level integrated science students' book 3/
_cK Chavhunduka, M Mutodi & E Tembo
264 _aHarrare :
_bLongman
_c2006
300 _a232p.:
_bill.
500 _aIncludes index
650 _aIntegrated Science
700 _aMutodi, M
_eauthor
700 _aTembo, E.
_eauthor
942 _2lcc
_cBK
_h55.5
_iCHA
_kQ